000 00898nam a2200301 a 4500
001 66189
003 BD-RjUL
005 20211209081517.0
008 170314s1970 enk 001 0 eng b
020 _a0853690634
035 _a(BD-RjUL)66319
040 _aDLC
_cDLC
_dBD-RjUL
_beng
041 _aeng
060 _aQV 704 P538p 1970
082 0 0 _a615
_223
_bPHA 1970
245 1 0 _aPharmaceutical handbook :
_bincorporating the Pharmaceutical pocket book. /
_cR. G. Todd
250 _a18th ed.
260 _aLondon :
_bPharmaceutical P.,
_c1970.
300 _axv, 702 p. ;
_c19 cm.
350 _a70/-
490 0 _aAn Extra pharmacopoeia companion volume
500 _aIncludes index
650 0 _aPharmacy
_xHandbooks, manuals, etc.
_9195871
650 2 _aPharmacy.
_9195710
830 _aAn Extra pharmacopoeia companion volume
_9195875
942 _2ddc
_cBK
999 _c66189
_d66189